000 00438nam a22001577a 4500
003 OSt
005 20151118091456.0
008 151118b xxu||||| |||| 00| 0 eng d
040 _cRUA
082 _aFIS ស្រេង​​ 1993 B152 Or.1
100 _93832
_aស្រេង​ផុននី
245 _aការផលិតផ្អកមាំុ
260 _aPhnom Penh
_bRUA
_c1993
300 _bill.
_c29cm.
942 _2ddc
_cFIS
999 _c3564
_d3564